Courage (Record no. 124801)
[ view plain ]
| 000 -LEADER | |
|---|---|
| fixed length control field | 00333nam a22001217a 4500 |
| 008 - FIXED-LENGTH DATA ELEMENTS--GENERAL INFORMATION | |
| fixed length control field | 160708b xxu||||| |||| 00| 0 eng d |
| 050 ## - LIBRARY OF CONGRESS CALL NUMBER | |
| Classification number | BJ1533.C8B3 1922 |
| 100 ## - MAIN ENTRY--PERSONAL NAME | |
| Personal name | Barrie J. M. |
| 9 (RLIN) | 24395 |
| 245 ## - TITLE STATEMENT | |
| Title | Courage |
| Statement of responsibility, etc | / J.M. Barrie |
| 260 ## - PUBLICATION, DISTRIBUTION, ETC. (IMPRINT) | |
| Place of publication, distribution, etc | New York |
| Name of publisher, distributor, etc | Charles Scribner's Sons |
| Date of publication, distribution, etc | 1922 |
| 300 ## - PHYSICAL DESCRIPTION | |
| Extent | 49p.; |
| Dimensions | 17cm |
| 942 ## - ADDED ENTRY ELEMENTS (KOHA) | |
| Source of classification or shelving scheme | Library of Congress Classification |
| Item type | Monograph ( Printed materials) |
| Withdrawn status | Lost status | Source of classification or shelving scheme | Damaged status | Not for loan | Collection code | Home library | Current library | Shelving location | Date acquired | Total Checkouts | Full call number | Barcode | Date last seen | Price effective from | Koha item type |
|---|---|---|---|---|---|---|---|---|---|---|---|---|---|---|---|
| Library of Congress Classification | Main Collection | ARRUPE LIBRARY | ARRUPE LIBRARY | Main Collection | 08/07/2016 | BJ1533.C8B3 1922 | 46500007860 | 22/09/2016 | 08/07/2016 | Monograph ( Printed materials) |